00638nam a2200157Ia 4500003000900000005001700009008004100026040002800067110006300095245011200158260008000270300004400350490002700394504002400421650003500445DO-SdBJH20180416181811.0180414s9999 dr 000 0 spa d aDO-SdBJHbspacDO-SdBJH aInstituto de Cooperación para la Seguridad Hemisférica10aFM 3-05.40 (FM 41-10) Civil affairs operations / Instituto de Cooperación para la Seguridad Hemisférica aFuerte Benning, Georgia : Cuartel General Secretaría del Ejército, 2006 av, 102 páginas en varias paginaciones aFM 3-05.40 (FM 41-10)  aIncluye apéndices 4aAsuntos civiles -- Operaciones